Statistiques concernant Gares des Côtes d'Armor

Cliquez ici pour prendre le quiz!

Statistiques générales

  • Ce quiz a été pris 84 fois
  • Le résultat moyen est 13 sur 38

Statistiques - réponses

Nombre de VoyageursGares% Correct
1 235 284Saint Brieuc
100%
636 523Guingamp
98%
444 534Lamballe
98%
192 072Lannion
96%
59 474Paimpol
96%
67 398Dinan
75%
108 058Plouaret Trégor
75%
27 911Yffiniac
64%
31 604Broons
42%
1 700Belle Isle - Bégard
36%
45 131Caulnes
35%
23 917Callac
33%
5 835Pontrieux
33%
3 350Pontrieux Halte
31%
11 125Plancoët
29%
8 703Plénée Jugon
25%
141La Méaugon
22%
10 169Chatelaudren - Plouagat
20%
1 464Corseul - Languenan
20%
7 344Plestan
20%
12Plouvara - Plerneuf
20%
3 078Landébia
18%
1 157Pleudihen
18%
2 925Brélidy - Plouec
16%
1 753La Hisse
16%
867Moustéru
16%
3 410Carnoët - Locarn
15%
888Plounérin
15%
695Frynaudour
13%
2 325Gourland
13%
358Lancerf
13%
3 372Pont Melvez
13%
111Traou Nez
13%
3 098Le Pénity
11%
423Les Mais
11%
4 315Plougonver
11%
703Tregonneau - Squiffiec
11%
1 681Coat Guégan
9%

Distribution des résultats

Percentile par nombre de réponses

% des personnes avec chaque résultat

Votre développement - résultats

Vous n’avez pas pris ce quiz